Del imperio mediático al realismo político /

Sparad:
Bibliografiska uppgifter
Huvudupphovsman: Reina O, Alexander
Materialtyp: Text
Ämnen:
Taggar: Lägg till en tagg
Inga taggar, Lägg till första taggen!

MARC

LEADER 00000 a a2200000 04500
001 11004
003
040
100 |a Reina O, Alexander  
245 |a Del imperio mediático al realismo político /  |c Alexander Reina O 
650 |a VOTACION  
650 |a PARTICIPACION POLITICA  
650 |a MEDIOS DE COMUNICACION  
773 |g volumen 4, número 12; páginas 139-191  
999 |c 30332  |d 30332